Activity-based costing : making it work for small and mid-sized companies

Bibliographic Details
Main Author: Hicks, Douglas T. (Author)
Format: Book
Published: New York : John Wiley , c1998
Edition:2nd ed
Subjects:

MARC

LEADER 00000cam a2200000 7i4500
001 0000008937
005 20040908093000.0
008 021119s1998
020 |a 0471249599 
090 0 0 |a HF5686.C8   |b H49 1998 
100 0 |a Hicks, Douglas T. ,   |e author 
245 1 0 |a Activity-based costing :   |b making it work for small and mid-sized companies   |c Douglas T. Hicks 
250 |a 2nd ed 
260 2 |a New York :   |b John Wiley ,   |c c1998 
300 |a xv, 357 p. ;   |c 24 cm. 
504 |a Includes index 
650 0 |a Activity-based costing 
650 0 |a Small business   |x Accounting 
999 |a 1000033770   |b Book   |c OPEN SHELF (30 DAYS)   |e Gong Badak Campus